000 00448nam a2200181Ia 4500
001 8354
005 20260306160603.0
008 260306t2007||||xx |||||||||||||| ||spa||
041 _aESP
082 _a370.7
_bA36
100 _aAlbert Gómez, María José
_eAUT
245 0 _aLa investigación educativa:
_bClaves teóricas
260 _c2007
300 _a265 páginas :
_c24 cm.
650 _aGEN
654 _aCED
942 _cLIB
_dJUS
_fJUS
_2ddc
_n
999 _c8354
_d8354